00838cam a2200289 n 450000100060000001000150000600500170002102100180003810000410005630400540009710100130015110200070016410500180017110600060018967500280019567500190022370000260024270200230026870200290029170200280032020001060034820500110045420500080046521000290047321500230050222500230052525851 a972232680520220405165117.0 aPTb157261/00 a20010524d2000 m y0pory5003 ba aTít. orig.: Harry Potter and the goblet of fire1 aporceng aPT ay z 001ay ar a821.111-31"19"vBNzpor a087.5vBNzpor 1aRowlingbJ. K.f1965- 1aFragabIsabel4730 1aNunesbIsabel Maria4730 1aMadureirabManuela47301 aHarry Potter e o cálice de fogofJ. K. Rowlinggtrad. Isabel Fraga, Isabel Nunes, Manuela Madureira a7ª ed a5ª aLisboacPresençad2002 a591, [1] p.d21 cm2 aEstrela do marv19